Хеш-таблица как одна из наиболее эффективных структур хранения данных; Технологии Microsoft в теории и практике программирования

Detaylı Bibliyografya
Parent link:Технологии Microsoft в теории и практике программирования.— 2012.— [С. 233-235]
Yazar: Леонтьев П. Н.
Müşterek Yazar: Национальный исследовательский Томский политехнический университет (ТПУ)
Özet:Заглавие с титульного листа.
In the development of multifunctional applications always arises a question about choice of the data structure that is best suited for the existing problem. If there are a lot of the input data, and they can not be classified on any grounds, it is advisable to use a data structure "hash- table", because it provides a good rate of addition, searching and deleting items and its implementation in high-level languages of the programming is simple enough.
Dil:Rusça
Baskı/Yayın Bilgisi: 2012
Seri Bilgileri:Технологии разработки и проектирования информационных систем
Konular:
Online Erişim:http://www.lib.tpu.ru/fulltext/c/2012/C28/083.pdf
Materyal Türü: MixedMaterials Elektronik Kitap Bölümü
KOHA link:https://koha.lib.tpu.ru/cgi-bin/koha/opac-detail.pl?biblionumber=611415

MARC

LEADER 00000naa2a2200000 4500
001 611415
005 20231101132645.0
035 |a (RuTPU)RU\TPU\conf\9167 
035 |a RU\TPU\conf\9165 
090 |a 611415 
100 |a 20150311d2012 k y0rusy50 ca 
101 0 |a rus  |d eng 
102 |a RU 
105 |a y z 100zy 
135 |a drgn ---uucaa 
181 0 |a i  
182 0 |a b 
200 1 |a Хеш-таблица как одна из наиболее эффективных структур хранения данных  |f П. Н. Леонтьев 
203 |a Текст  |c электронный 
215 |a 1 файл (487 Кб) 
225 1 |a Технологии разработки и проектирования информационных систем 
230 |a Электронные текстовые данные (1 файл : 487 Кб) 
300 |a Заглавие с титульного листа. 
320 |a [Библиогр.: с. 235 (4 назв.)] 
330 |a In the development of multifunctional applications always arises a question about choice of the data structure that is best suited for the existing problem. If there are a lot of the input data, and they can not be classified on any grounds, it is advisable to use a data structure "hash- table", because it provides a good rate of addition, searching and deleting items and its implementation in high-level languages of the programming is simple enough. 
337 |a Adobe Reader 
463 1 |0 (RuTPU)RU\TPU\conf\61  |t Технологии Microsoft в теории и практике программирования  |o сборник трудов IX Всероссийской научно-практической конференции студентов, аспирантов и молодых ученых, 21-22 марта 2012 г., г.Томск  |f Национальный исследовательский Томский политехнический университет (ТПУ), Институт кибернетики ; отв. ред. А. Р. Вахитов  |v [С. 233-235]  |d 2012 
610 1 |a электронный ресурс 
610 1 |a труды учёных ТПУ 
610 1 |a интеллектуальные системы 
610 1 |a хеш-таблицы 
610 1 |a хранение 
610 1 |a данные 
610 1 |a идентификаторы 
610 1 |a хеширование 
610 1 |a хеш-функции 
610 1 |a метод цепочек 
700 1 |a Леонтьев  |b П. Н. 
712 0 2 |a Национальный исследовательский Томский политехнический университет (ТПУ)  |c (2009- )  |2 stltpush  |3 (RuTPU)RU\TPU\col\15902 
801 2 |a RU  |b 63413507  |c 20150311  |g RCR 
856 4 |u http://www.lib.tpu.ru/fulltext/c/2012/C28/083.pdf 
942 |c BK